000 00633nam a22001695i 4500
001 166827
003 ES-MaACL
005 20230906213417.0
008 050919s1886 ag | |||||||| ||spa d
040 _aCAM
_bspa
_cCAM
100 1 _aVaca-Guzman, Santiago.
_9133478
245 1 0 _aDias amargos
_b: paginas del Libro de memorias de un pesimista /
_cSantiago Vaca-Guzman; con un prólogo de Juana M. Gorriti.
260 _aBuenos Aires :
_b[s.n.],
_c1886 (
_fImprenta de Pablo E. Coni é hijos)
300 _aVII, 196 p. ;
_c22 cm.
700 1 _aGorriti, Juana Manuela.
_9127485
852 _aES-MaACL
_jF-12755
_z-- Enc. pasta española
999 _c166827
_d166827